000 01013nam a2200301 c 4500
003 EG-GICUC
005 20260409112412.0
008 260409s1935 fr ofr|||| 00| 0 fre d
040 _aEG-GiCUC
_bfre
_cEG-GiCUC
_dEG-GiCUC
_eRda
041 0 _afre
082 0 4 _221
_a341.511
_bHA . C
092 0 4 _221
099 _aLaw1 11 341.511 HA . C 1935
100 1 _aHaemmerle, Jean
_eAuteur
245 1 3 _aLa Coutume en Droit des Gens d'après la Jurisprudence de la C.P.J.I. /
_cJean Haemmerle.
264 1 _aNancy :
_bImprimerie Georges Thomas,
_c1935.
300 _a235 page.
_c24 cm.
336 _2rda contenu
_a texte
337 _2rda medias
_aOrdinateur
338 _2 transporteur rda
_a Ressource en ligne
504 _aBibliographie : pages 229-232
504 _aComprend des références bibliographiques.
546 _aTexte en français
650 1 4 _aDroit international public
856 4 0 _uhttps://fll.law.cu.edu.eg/fulltext/bks/B11-09021.pdf
905 _a48
942 _2ddc
_cBK
_e21
_n0
999 _c69810
_d69810